000 00332nam a22001217a 4500
008 160506b xxu||||| |||| 00| 0 eng d
020 _a9781570662577
020 _a1570662576
041 _aeng
080 _a61
245 _aInternational classification of diseases the revision clinical modification:
_cICD .9. CM;
942 _2udc
_cBK
999 _c1854
_d1854